| 000 | 05542cam a2201825M 4500 | ||
|---|---|---|---|
| 020 | _a0387073140 (vol. 1) | ||
| 020 | _a9780387073149 (vol. 1) | ||
| 020 | _a3540073140 (vol. 1) | ||
| 020 | _a9783540073147 (vol. 1) | ||
| 020 | _a038707452X (vol. 2A) | ||
| 020 | _a9780387074528 (vol. 2A) | ||
| 020 | _a354007452X (vol. 2A) | ||
| 020 | _a9783540074526 (vol. 2A) | ||
| 020 | _a0387074538 (vol. 2B) | ||
| 020 | _a9780387074535 (vol. 2B) | ||
| 020 | _a3540074538 (vol. 2B) | ||
| 020 | _a9783540074533 (vol. 2B) | ||
| 020 | _a0387078185 (vol. 3) | ||
| 020 | _a9780387078182 (vol. 3) | ||
| 020 | _a3540078185 (vol. 3) | ||
| 020 | _a9783540078180 (vol. 3) | ||
| 020 | _a0387075577 (vol. 4) | ||
| 020 | _a9780387075570 (vol. 4) | ||
| 020 | _a3540075577 (vol. 4) | ||
| 020 | _a9783540075578 (vol. 4) | ||
| 020 | _a0387079629 (vol. 5) | ||
| 020 | _a9780387079622 (vol. 5) | ||
| 020 | _a3540079629 (vol. 5) | ||
| 020 | _a9783540079620 (vol. 5) | ||
| 020 | _a0387092889 (vol. 6) | ||
| 020 | _a9780387092881 (vol. 6) | ||
| 020 | _a3540092889 (vol. 6) | ||
| 020 | _a9783540092889 (vol. 6) | ||
| 020 | _a0387087761 (vol. 7) | ||
| 020 | _a9780387087764 (vol. 7) | ||
| 020 | _a3540087761 (vol. 7) | ||
| 020 | _a9783540087762 (vol. 7) | ||
| 020 | _a038709461X (vol. 8) | ||
| 020 | _a9780387094618 (vol. 8) | ||
| 020 | _a354009461X (vol. 8) | ||
| 020 | _a9783540094616 (vol. 8) | ||
| 020 | _a0387101616 (vol. 9) | ||
| 020 | _a9780387101613 (vol. 9) | ||
| 020 | _a3540101616 (vol. 9) | ||
| 020 | _a9783540101611 (vol. 9) | ||
| 020 | _a0387101969 (vol. 10) | ||
| 020 | _a9780387101965 (vol. 10) | ||
| 020 | _a3540101969 (vol. 10) | ||
| 020 | _a9783540101963 (vol. 10) | ||
| 020 | _a0387101977 (vol. 11) | ||
| 020 | _a9780387101972 (vol. 11) | ||
| 020 | _a3540101977 (vol. 11) | ||
| 020 | _a9783540101970 (vol. 11) | ||
| 020 | _a0387107630 (vol. 12A) | ||
| 020 | _a9780387107639 (vol. 12A) | ||
| 020 | _a3540107630 (vol. 12A) | ||
| 020 | _a9783540107637 (vol. 12A) | ||
| 020 | _a0387109064 (vol. 12B) | ||
| 020 | _a9780387109060 (vol. 12B) | ||
| 020 | _a3540109064 (vol. 12B) | ||
| 020 | _a9783540109068 (vol. 12B) | ||
| 020 | _a0387109072 (vol. 12C) | ||
| 020 | _a9780387109077 (vol. 12C) | ||
| 020 | _a3540109072 (vol. 12C) | ||
| 020 | _a9783540109075 (vol. 12C) | ||
| 020 | _a0387109080 (vol. 12D) | ||
| 020 | _a9780387109084 (vol. 12D) | ||
| 020 | _a3540109080 (vol. 12D) | ||
| 020 | _a9783540109082 (vol. 12D) | ||
| 020 | _a0387110607 (vol. 13A) | ||
| 020 | _a9780387110608 (vol. 13A) | ||
| 020 | _a3540110607 (vol. 13A) | ||
| 020 | _a9783540110606 (vol. 13A) | ||
| 020 | _a0387110070 (vol. 13B) | ||
| 020 | _a9780387110073 (vol. 13B) | ||
| 020 | _a3540110070 (vol. 13B) | ||
| 020 | _a9783540110071 (vol. 13B) | ||
| 020 | _a0387110089 (vol. 14A) | ||
| 020 | _a9780387110080 (vol. 14A) | ||
| 020 | _a3540110089 (vol. 14A) | ||
| 020 | _a9783540110088 (vol. 14A) | ||
| 020 | _a0387111409 (vol. 14B) | ||
| 020 | _a9780387111407 (vol. 14B) | ||
| 020 | _a3540111409 (vol. 14B) | ||
| 020 | _a9783540111405 (vol. 14B) | ||
| 020 | _a038712103X (vol. 15AB) | ||
| 020 | _a9780387121031 (vol. 15AB) | ||
| 020 | _a354012103X (vol. 15AB) | ||
| 020 | _a9783540121039 (vol. 15AB) | ||
| 020 | _a0387121439 (vol. 16 AB) | ||
| 020 | _a9780387121437 (vol. 16 AB) | ||
| 020 | _a3540121439 (vol. 16 AB) | ||
| 020 | _a9783540121435 (vol. 16 AB) | ||
| 020 | _a0387127380 (vol. 17) | ||
| 020 | _a9780387127385 (vol. 17) | ||
| 020 | _a3540127380 (vol. 17) | ||
| 020 | _a9783540127383 (vol. 17) | ||
| 020 | _a0387139354 (vol. 18) | ||
| 020 | _a9780387139357 (vol. 18) | ||
| 020 | _a3540139354 (vol. 18) | ||
| 020 | _a9783540139355 (vol. 18) | ||
| 020 | _a0387161406 (vol. 19) | ||
| 020 | _a9780387161402 (vol. 19) | ||
| 020 | _a3540161406 (vol. 19) | ||
| 020 | _a9783540161400 (vol. 19) | ||
| 020 | _a0387181628 (vol. 20) | ||
| 020 | _a9780387181622 (vol. 20) | ||
| 020 | _a3540181628 (vol. 20) | ||
| 020 | _a9783540181620 (vol. 20) | ||
| 040 | _cDKDLA | ||
| 082 | _a581 SPR 1975 A033 Or. | ||
| 245 | 0 | 0 |
_aEncyclopedia of plant physiology : _bnew series / |
| 260 |
_aBerlin : _bSpringer Verlag, _c1975-1986 |
||
| 300 |
_aVol. 1-19 i 27 bd. : _bill |
||
| 700 | 1 | _aPirson, A | |
| 700 | 1 | _aZimmermann, Martin Huldrych, | |
| 700 | 1 | _aL©ơttge, Ulrich | |
| 700 | 1 | _aPitman, Michael G | |
| 700 | 1 | _aStocking, C. R | |
| 700 | 1 | _aHeber, U | |
| 700 | 1 | _aHeitefuss, Rudolf | |
| 700 | 1 | _aWilliams, Paul H., | |
| 700 | 1 | _aTrebst, Achim | |
| 700 | 1 | _aAvron, Mordhay | |
| 700 | 1 | _aGibbs, Martin, | |
| 700 | 1 | _aLatzko, Erwin, | |
| 700 | 1 | _aHaupt, W. | |
| 700 | 1 | _aFeinleib, Mary Ella, | |
| 700 | 1 | _aBell, E. A. | |
| 700 | 1 | _aCharlwood, B. V. | |
| 700 | 1 | _aMacMillan, J. | |
| 700 | 1 | _aScott, Tom K | |
| 700 | 1 | _aPharis, R. P., | |
| 700 | 1 | _aReid, David M., | |
| 700 | 1 | _aLange, O. L. | |
| 700 | 1 | _aLoewus, Frank Abel, | |
| 700 | 1 | _aTanner, W. | |
| 700 | 1 | _aBoulter, D | |
| 700 | 1 | _aParthier, Benno | |
| 700 | 1 | _aL©Þuchli, A. | |
| 700 | 1 | _aBieleski, R. L. | |
| 700 | 1 | _aShropshire, Walter | |
| 700 | 1 | _aMohr, Hans, | |
| 700 | 1 | _aLinskens, H. F. | |
| 700 | 1 | _aHeslop-Harrison, J. | |
| 700 | 1 | _aDouce, Roland | |
| 700 | 1 | _aDay, David A | |
| 700 | 1 | _aStaehelin, L. Andrew | |
| 700 | 1 | _aArntzen, Charles J | |
| 700 | 1 | _aNobel, P. S | |
| 700 | 1 | _aOsmond, C. B. | |
| 700 | 1 | _aZiegler, H | |
| 700 | 1 | _aBewley, J. D | |
| 942 | _cEK | ||
| 999 |
_c12162 _d12162 |
||